000 00503nam a2200133 a 4500
008 120416s1975 ||||||||||||||||| || u
050 _aT 58.6 Cou
100 _aCouger, J
245 1 0 _aIntroduction to computer based information systems
260 _aNew York
_bJohn Wiley and Sons
_c[1975]
300 _axvi, 655p. : ill.
350 _a0.00
995 _D0.00
_FCBU-MAIN LIBRARY (Kitwe)
_H1
_I0.00
_M1
_UDAMAGED
_WJun 11, 2009
_ZMain Library Open Access Collection
999 _c47663
_d47663